Score 0/20 Timer 05:00
2 Plays Today
Scrambled Unscrambled % Correct
SHAMMASH
80.2%
GLOBBLOG
78.3%
CUBASSCUBA
70.3%
GIFTTGIF
67%
RADEDARE
58%
SICABBASIC
55%
MACYYMCA
50.5%
COPEOPEC
49%
FANTANAFTA
41.7%
PENSESPN
40.3%
Scrambled Unscrambled % Correct
FAUNSSNAFU
33.1%
BAWNWNBA
31.9%
FUNCIEUNICEF
29.5%
PANACNAACP
27.8%
GYWSYIWWYSIWYG
20.5%
ZAMATHHAZMAT
19.8%
SCOUTSSCOTUS
15.8%
COFENDDEFCON
13.7%
DACCAMCADCAM
10.6%
LOPERINTINTERPOL
10.4%
Remove Ads.
Support Sporcle.
Get the best of Sporcle when you Go Orange. This ad-free experience offers more features, more stats, and more fun while also helping to support Sporcle. Thank you for becoming a member.

You're not logged in!

Compare scores with friends on all Sporcle quizzes.
OR
Log In

Show Comments

Extras

Top Quizzes Today


Score Distribution

Your Account Isn't Verified!

In order to create a playlist on Sporcle, you need to verify the email address you used during registration. Go to your Sporcle Settings to finish the process.

Report this User

Report this user for behavior that violates our Community Guidelines.

Details: